书目信息 |
| 题名: |
房地产法学
|
|
| 作者: | 程信和 , 刘国臻 编著 | |
| 分册: | ||
| 出版信息: | 北京 北京大学出版社 2001 |
|
| 页数: | 291页 | |
| 开本: | 23cm | |
| 丛书名: | ||
| 单 册: | ||
| 中图分类: | D922.181.1 | |
| 科图分类: | ||
| 主题词: | 法律--中国 | |
| 电子资源: | ||
| ISBN: | 7-301-04829-7 | |
| 000 | 00644nam0 2200217 450 | |
| 001 | 0758876486 | |
| 005 | 20070716152544.71 | |
| 010 | @a7-301-04829-7@dCNY26.00 | |
| 100 | @a20070715d2001 km y0chiy0120 ea | |
| 101 | 0 | @achi |
| 102 | @aCN@b110000 | |
| 200 | 1 | @a房地产法学@Afang di chan fa xue@f程信和,刘国臻编著@Fcheng xin he,liu guo zhen bian zhu |
| 210 | @a北京@c北京大学出版社@d2001 | |
| 215 | @a291页@d23cm | |
| 300 | @a21世纪法学系列教材 | |
| 606 | 0 | @a法律@x中国 |
| 690 | @aD922.181.1@v3 | |
| 701 | 0 | @a程信和@Acheng xin he@4编著 |
| 701 | 0 | @a刘国臻@Aliu guo zhen@4编著 |
| 801 | 0 | @aCN@bPFT@c20070716 |
| 905 | @a10447@dD922.181.1@e685 | |
| 房地产法学/程信和,刘国臻编著.-北京:北京大学出版社,2001 |
| 291页;23cm |
| 21世纪法学系列教材 |
| ISBN 7-301-04829-7:CNY26.00 |
| ● |
| 相关链接 |
|
|
|
|
正题名:房地产法学
索取号:D922.181.1/685
 
预约/预借
| 序号 | 登录号 | 条形码 | 馆藏地/架位号 | 状态 | 备注 |
| 1 | 0778011 | 207780114 | 第一样本阅览室/ [索取号:D922.181.1/685] | 在馆 |